Statistics for Countries on the Tropic of Capricorn

Click here to take the quiz!

General Stats

  • This quiz has been taken 826 times
    (825 since last reset)
  • The average score is 8 of 10

Answer Stats

Country% Correct
Argentina
94%
Chile
94%
Australia
92%
Brazil
89%
South Africa
88%
Namibia
82%
Mozambique
81%
Paraguay
77%
Botswana
76%
Madagascar
74%

Score Distribution

Percentile by Number Answered

Percent of People with Each Score

Your Score History

You have not taken this quiz since the last reset